000 00775nam a2200217 i 4500
001 17171
003 ES-MaACL
005 20251114122022.0
007 t|
008 010111s1960 fr ||||1| spa d
080 _a331.105.44(460)(063)
110 2 _aConfederación Nacional del Trabajo (España).
_bCongreso (
_d1960.
_cLimoges)
_93169
245 1 0 _aMemorias del Congreso Internacional de Federaciones Locales de la C.N.T. de España en el Exilio
_b: Limoges, agosto 1960.
260 _aLimoges :
_bC.N.T.,
_c1960.
300 _a154 p. ;
_c21 cm.
610 2 7 _aConfederación Nacional del Trabajo (España)-
_vCongresos y asambleas.
_93167
650 4 _99778
_aAnarcosindicalismo
852 _aES-MaACL
_j2161-F-9
_bR.126929
942 _2udc
999 _c17171
_d17171